000 00507nam a2200181Ia 4500
999 _c29101
_d29101
003 OSt
005 20201124150411.0
008 190216s9999||||xx |||||||||||||| ||und||
020 _a9788126412723
040 _coclc
082 _a920
_bNAI/M
100 _aNair, Radhika C
_96747
245 0 _aManmaranha Nammute Sahithyakaranmar /
_cRadhika C Nair
260 _bD C Books,
_aKottayam:
_c2007.
300 _a183p
650 _aOormakurip
942 _cBK
_2ddc
_h920
_iNAI/M
_k920
_mNAI/M